| Registos Bibliográficos associados ao registo de autoridade |
|
Etiqueta de registo: 00254nam 2200025 450 001 2288736 003 http://id.bnportugal.gov.pt/bib/catbnp/2288736 100 ## $a20260624d2024 k y0pory01030103ba 101 0# $apor$deng 102 ## $aPT 105 ## $aa m 001yy 106 ## $ar 200 1# $aIndustrial design thinking$eda génese à atualidade$e a metodologia de design thinking$fAndré Tiago Gouveia$gorient. Paulo Jorge Martins Parra 210 #9 $aLisboa$c[s.n.],$d2024 215 ## $aXI, 386 p.$cil.$d30 cm 328 #1 $aTese dout. Belas-Artes (Design de Equipamento), Faculdade de Belas-Artes da Universidade
de Lisboa, 2024 700 #1 $aGouveia,$bAndré Tiago$32001579 702 #1 $aParra,$bPaulo,$f1961-$4727$31434005 801 #0 $aPT$bBN$gRPC 966 ## $lBN$mFGMON$x1 971 ## $cisantos$d20260624
|
|
|